Memorias del Señor de Schnabelewopski / (Record no. 78985)

MARC details
000 -LEADER
campo de control de longitud fija 00758nam a2200217 i 4500
001 - NÚMERO DE CONTROL
campo de control 78985
003 - IDENTIFICADOR DE NÚMERO DE CONTROL
campo de control ES-MaACL
005 - FECHA Y HORA DE LA ÚLTIMA TRANSACCIÓN
campo de control 20231215062951.0
007 - CAMPO FIJO DE DESCRIPCIÓN FÍSICA--INFORMACIÓN GENERAL
campo de control de longitud fija t|
008 - DATOS DE LONGITUD FIJA--INFORMACIÓN GENERAL
campo de control de longitud fija 041018s1987 sp ||||1| spa d
100 1# - ENTRADA PRINCIPAL--NOMBRE DE PERSONA
Nombre de persona Heine, Heinrich.
9 (RLIN) 62371
245 10 - MENCIÓN DEL TÍTULO
Título Memorias del Señor de Schnabelewopski /
Mención de responsabilidad, etc. Heinrich Heine ; ilustraciones de Jules Pascin ; prólogo y traducción de Carmen Bravo-Villasante.
260 ## - PUBLICACIÓN, DISTRIBUCIÓN, ETC.
Lugar de publicación, distribución, etc. Palma de Mallorca :
Nombre del editor, distribuidor, etc. José J. de Olañeta,
Fecha de publicación, distribución, etc. 1987.
300 ## - DESCRIPCIÓN FÍSICA
Extensión XV, 98 p. 4 h. de lám. :
Otras características físicas il. ;
Dimensiones 24 cm.
490 1# - MENCIÓN DE SERIE
Mención de serie Hesperus ;
Designación de volumen o secuencia 3
700 1# - ENTRADA AGREGADA--NOMBRE PERSONAL
Nombre de persona Bravo-Villasante, Carmen,
Fechas asociadas al nombre 1918-1994
9 (RLIN) 31507
700 1# - ENTRADA AGREGADA--NOMBRE PERSONAL
Nombre de persona Pascin, Jules.
9 (RLIN) 89329
830 0# - PUNTO DE ACCESO ADICIONAL DE SERIE-TÍTULO UNIFORME
Título uniforme Hesperus ;
Designación de volumen o secuencia 3
9 (RLIN) 177365
852 ## - LOCALIZACIÓN
Ubicación ES-MaACL
Número de control de estantería L-12509
Sublocalización o colección R.114906
Holdings
Estatus retirado Estado de pérdida Estado de daño No para préstamo Biblioteca de origen Biblioteca actual Ubicación en estantería Fecha de adquisición Fuente de adquisición Total de préstamos Signatura topográfica completa Código de barras Visto por última vez Precio de reemplazo Tipo de ítem Koha
        Biblioteca del Ateneo de Madrid Biblioteca del Ateneo de Madrid Depósito 2 17/01/2008     L-12509 1082603 23/02/2023 23/02/2023 Libro impreso